MARC details
| 000 -LEADER |
| fixed length control field |
01684nam a22004578i 4500 |
| 001 - CONTROL NUMBER |
| control field |
BK0019295274 |
| 003 - CONTROL NUMBER IDENTIFIER |
| control field |
DLC |
| 005 - DATE AND TIME OF LATEST TRANSACTION |
| control field |
20170214170605.0 |
| 008 - FIXED-LENGTH DATA ELEMENTS--GENERAL INFORMATION |
| fixed length control field |
160331t20162015nyu b 000 1 eng c |
| 010 ## - LIBRARY OF CONGRESS CONTROL NUMBER |
| LC control number |
2016013788 |
| 020 ## - INTERNATIONAL STANDARD BOOK NUMBER |
| International Standard Book Number |
9780545912419 : PAP |
| Terms of availability |
5.99 |
| 020 ## - INTERNATIONAL STANDARD BOOK NUMBER |
| International Standard Book Number |
0545912415 : PAP |
| Terms of availability |
5.99 |
| 037 ## - SOURCE OF ACQUISITION |
| Source of stock number/acquisition |
Scholastic, Po Box 7502, Jefferson City, MO, USA, 65102 |
| Note |
SAN 860-0023 |
| 040 ## - CATALOGING SOURCE |
| Original cataloging agency |
NJQ/DLC |
| Language of cataloging |
eng |
| Description conventions |
rda |
| Transcribing agency |
NJQ |
| 050 00 - LIBRARY OF CONGRESS CALL NUMBER |
| Classification number |
PZ7.B52864 |
| Item number |
Be 2016 |
| 082 04 - DEWEY DECIMAL CLASSIFICATION NUMBER |
| Classification number |
[Fic] |
| Edition number |
23 |
| 092 ## - LOCALLY ASSIGNED DEWEY CALL NUMBER (OCLC) |
| Classification number |
FIC |
| 100 1# - MAIN ENTRY--PERSONAL NAME |
| Personal name |
Blabey, Aaron, |
| Relator term |
author. |
| 245 14 - TITLE STATEMENT |
| Title |
The Bad Guys in Mission unpluckable / |
| Statement of responsibility, etc |
Aaron Blabey. |
| 246 30 - VARYING FORM OF TITLE |
| Title proper/short title |
Mission unpluckable |
| 263 ## - PROJECTED PUBLICATION DATE |
| Projected publication date |
1701 |
| 264 #4 - Production, Publication, Distribution, Manufacture, and Copyright Notice. |
| Place of production, publication, distribution, manufacture |
New York : |
| Name of producer, publisher, distributor, manufacturer |
Scholastic Press, |
| Date of production, publication, distribution, manufacture, or copyr |
2016. |
| -- |
�2015 |
| 300 ## - PHYSICAL DESCRIPTION |
| Extent |
pages cm. |
| 336 ## - Content Type |
| Content type term |
text |
| 337 ## - Media type |
| Media type term |
unmediated |
| 338 ## - Carrier type |
| Carrier type term |
volume |
| 490 0# - SERIES STATEMENT |
| Series statement |
The Bad Guys ; |
| Volume number/sequential designation |
2 |
| 520 ## - SUMMARY, ETC. |
| Summary, etc |
Still yearning to be seen as heroes, Wolf, Shark, Snake, and Piranha set out to rescue ten thousand chickens from a high-tech cage farm--but one unexpected problem is Mr. Snake himself, also known as "The Chicken Swallower." |
| 650 #0 - SUBJECT ADDED ENTRY--TOPICAL TERM |
| Topical term or geographic name as entry element |
Animals |
| Form subdivision |
Juvenile fiction. |
| 650 #0 - SUBJECT ADDED ENTRY--TOPICAL TERM |
| Topical term or geographic name as entry element |
Rescues |
| Form subdivision |
Juvenile fiction. |
| 650 #0 - SUBJECT ADDED ENTRY--TOPICAL TERM |
| Topical term or geographic name as entry element |
Chickens |
| Form subdivision |
Juvenile fiction. |
| 650 #0 - SUBJECT ADDED ENTRY--TOPICAL TERM |
| Topical term or geographic name as entry element |
Heroes |
| Form subdivision |
Juvenile fiction. |
| 650 #1 - SUBJECT ADDED ENTRY--TOPICAL TERM |
| Topical term or geographic name as entry element |
Animals |
| Form subdivision |
Fiction. |
| 650 #1 - SUBJECT ADDED ENTRY--TOPICAL TERM |
| Topical term or geographic name as entry element |
Rescues |
| Form subdivision |
Fiction. |
| 650 #1 - SUBJECT ADDED ENTRY--TOPICAL TERM |
| Topical term or geographic name as entry element |
Chickens |
| Form subdivision |
Fiction. |
| 650 #1 - SUBJECT ADDED ENTRY--TOPICAL TERM |
| Topical term or geographic name as entry element |
Heroes |
| Form subdivision |
Fiction. |
| 650 #1 - SUBJECT ADDED ENTRY--TOPICAL TERM |
| Topical term or geographic name as entry element |
Humorous stories. |
| 655 #7 - INDEX TERM--GENRE/FORM |
| Genre/form data or focus term |
Humorous fiction. |
| Source of term |
gsafd |
| 776 08 - ADDITIONAL PHYSICAL FORM ENTRY |
| Display text |
Online version: |
| 776 08 - ADDITIONAL PHYSICAL FORM ENTRY |
| Main entry heading |
Blabey, Aaron, author. |
| Title |
Bad Guys in Mission unpluckable |
| Place, publisher, and date of publication |
New York : Scholastic Press, 2016 |
| International Standard Book Number |
9780545917162 |
| Record control number |
(DLC) 2016016073 |